| 000 | 00800nmc a2200277 a 4500 | ||
|---|---|---|---|
| 003 | AR-BaBNM | ||
| 005 | 20251128211829.0 | ||
| 008 | 036120s2004 ||||||||||||||000 | spa|| | ||
| 020 | _a987-1105-72-X | ||
| 040 | _cAR-BaBNM | ||
| 245 | 1 | 0 |
_aEmpresarios, tecnócratas y militares _bla trama corporativa de la última dictadura |
| 250 | _a1ª ed. | ||
| 260 |
_aBuenos Aires _bSiglo XXI Editores _c2004 |
||
| 300 | 0 | _a382 p. | |
| 490 | 0 | _aSociología y política | |
| 504 | _aContiene referencias bibliográficas | ||
| 650 | 4 | _aPOLITICA ECONOMICA | |
| 650 | 4 | _aDICTADURA | |
| 650 | 4 | _aGOLPES DE ESTADO | |
| 650 | 4 | _aADMINISTRACION FINANCIERA | |
| 651 | 4 | _aArgentina | |
| 653 | 0 | _aGOBIERNO MILITAR | |
| 700 | 1 |
_aPucciarelli, Alfredo Raúl _ecoordinador |
|
| 942 | _cBK | ||
| 998 | _cNancy | ||
| 999 |
_c21296 _d21296 |
||